Biblioteca

Pensamiento griego y pensamiento bíblico.(a propósito del discurso del papa Benedicto XVI en Ratisboa. (Registro nro. 63119)

Detalles MARC
000 -LÍDER
Campo fijo de descripción fija 007030000a22002050004500
001 - NÚMERO DE CONTROL
Campo de control 768714001
003 - IDENTIFICADOR DEL NÚMERO DE CONTROL
Campo de control CO-MdFUSB
005 - FECHA Y HORA DE LA ULTIMA TRANSACCIÓN
control field 20170417162908.0
008 - ELEMENTOS DE LONGITUD FIJA -- INFORMACIÓN GENERAL
Campo fijo de descripción fija -- Información general 170417s2007 it ||||| |||| 00| 0 s d
022 ## - NÚMERO INTERNACIONAL NORMALIZADO PARA PUBLICACIONES SERIADAS
Número Internacional Normalizado para Publicaciones Seriadas 1126-8557
040 ## - FUENTE DE CATALOGACIÓN
Agencia Catalogadora CO-MdFUSB
Idioma de catalogación spa
Agencia que realiza la transcripción CO-MdFUSB
Agencia que realiza la modificación CO-MdFUSB
041 ## - CÓDIGO DE IDIOMA
Código de idioma para texto/pista de sonido o título separado spa
100 1# - ASIENTO PRINCIPAL--NOMBRE PERSONAL
Nombre personal Caballero, José Antonio.
Término relacionador autor
245 10 - TÍTULO
Título Pensamiento griego y pensamiento bíblico.(a propósito del discurso del papa Benedicto XVI en Ratisboa.
300 ## - DESCRIPCIÓN FÍSICA
Extensión Volumen 10, número 3, (2007), páginas 399-422
Dimensiones 24 cm.
546 ## - NOTA DE IDIOMA
Nota de idioma Texto en español
650 14 - ASIENTO SECUNDARIO DE MATERIA - TERMINO TEMÁTICO
Término temático o nombre geográfico como elemento de entrada BIBLIA Y CIENCIA
773 0# - ASIENTO DE ITEM FUENTE
Título Alpha omega
Biblionumber 49514
Itemnumber 61518
Parte(s) relacionada(s) / Volumen., número. (mes año), páginas Volumen 10, número 3, (2007)
Enumeración y primera página páginas 399-422
942 ## - TIPO DE MATERIAL (KOHA)
Tipo de Item KOHA Artículos de Revista
Existencias
Expurgo - (Retirado) Estado de Perdido Estado de Dañado No prestable Colección Ubicación habitual Ubicación actual Fecha de Adquisición Signatura Topográfica Tipo de Material
        Colección de Hemeroteca Biblioteca FUSBC Biblioteca FUSBC 26/01/2016 Artículos de Revista

Biblioteca FUSBC | Teléfono: (57+4) 349 88 10 Ext. 141| WhatsApp (+57) 3005338115 
E-mail: biblioteca@unisbc.edu.co | Calle 76 87-14 Robledo Palenque, Medellín, Colombia

Con tecnología Koha